000 00752nam a2200241Ia 4500
003 OSt
005 20220923221553.0
006 a|||||r|||| 00| 0
007 ta
008 220922b |||||||| |||| 00| 0 hin d
024 _a198,281
037 _cTextual
040 _aARTS
_cARTS
_bhin
041 _2hin
_ahin
082 _aP152:g, J8-;1
100 _aवाजपेयी, किशोरी दास
245 0 _aहिन्दी शब्द
246 _aHindī shabda
260 _aमीमांसा
_b कनखल हिमालय एजेंसी1
_c1958
300 _a160पृ.
_ccm.
942 _hP152:g, J8-;1
_cTEXL
_2CC
999 _c350127
_d350127